|
|
|
|
| LEADER |
00000naa2a2200000 4500 |
| 001 |
449882 |
| 005 |
20231101083234.0 |
| 035 |
|
|
|a (RuTPU)RU\TPU\prd\111998
|
| 035 |
|
|
|a RU\TPU\prd\42867
|
| 090 |
|
|
|a 449882
|
| 100 |
|
|
|a 20110608a2006 k y0rusy50 ca
|
| 101 |
0 |
|
|a rus
|
| 102 |
|
|
|a RU
|
| 200 |
1 |
|
|a Общее и индивидуальное в развитии афтершоковых процессов крупнейших землетрясений Алтае-Саянской горной области
|f А. Ф. Еманов [и др.]
|
| 225 |
1 |
|
|a Геомеханика и геофизика
|
| 320 |
|
|
|a Библиогр.: 26 назв.
|
| 461 |
|
0 |
|0 (RuTPU)RU\TPU\prd\353
|x 1683-805X
|t Физическая мезомеханика
|f Институт физики прочности и материаловедения ; Российская академия наук (РАН), Сибирское отделение (СО), Институт физики прочности и материаловедения (ИФПМ)
|d 1998-
|
| 463 |
|
0 |
|0 (RuTPU)RU\TPU\prd\111981
|t Т. 9, № 1
|v с. 33-43
|d 2006
|
| 610 |
1 |
|
|a Алтае-Саянская область
|
| 610 |
1 |
|
|a землетрясения
|
| 610 |
1 |
|
|a афтершоковые процессы
|
| 610 |
1 |
|
|a структурные особенности
|
| 610 |
1 |
|
|a горные области
|
| 610 |
1 |
|
|a сейсмические активизации
|
| 610 |
1 |
|
|a сложные пространственные структуры
|
| 610 |
1 |
|
|a Урег-Нурское землнтрясение
|
| 610 |
1 |
|
|a Зайсанское землетрясение
|
| 610 |
1 |
|
|a Бусингольское землетрясение
|
| 610 |
1 |
|
|a результаты
|
| 701 |
|
1 |
|a Еманов
|b А. Ф.
|
| 701 |
|
1 |
|a Еманов
|b А. А.
|
| 701 |
|
1 |
|a Филина
|b А. Г.
|
| 701 |
|
1 |
|a Лескова
|b Е. В.
|
| 701 |
|
1 |
|a Колесников
|b Ю. И.
|
| 701 |
|
1 |
|a Рудаков
|b А. Д.
|
| 801 |
|
1 |
|a RU
|b 63413507
|c 20060419
|g PSBO
|
| 801 |
|
2 |
|a RU
|b 63413507
|c 20110608
|g RCR
|
| 942 |
|
|
|c BK
|